Statistics for 2022 MLB Statistical Leaders

Click here to take the quiz!

General Stats

  • This quiz has been taken 13 times
  • The average score is 4 of 12

Answer Stats

HintAnswer% Correct
HR:62Aaron Judge
100%
2B:47Freddie Freeman
56%
H:199Freddie Freeman
44%
SB:41Jon Berti
44%
AVG:.326Jeff McNeil
33%
ERA:1.75Justin Verlander
33%
Wins:21Kyle Wright
33%
Loss:19Patrick Corbin
22%
3B:9Eddie Rosario
11%
Pitching SO:257Gerrit Cole
11%
Errors:26Javier Baez
11%
Batting SO:200Kyle Schwarber
11%

Score Distribution

Percentile by Number Answered

Percent of People with Each Score

Your Score History

You have not taken this quiz